Нормален изглед
MARC изглед
- Гръцки език – речници, гръцко-църковнославянски
Вход 09. Предметна рубрика
001 - Контролен номер на записа
- Контролно поле: 396299
003 - Код на организацията, даваща контролен номер
- Контролно поле: BLK
005 - Дата и час на последна промяна на записа
- Контролно поле: 20190912110044.0
008 - Данни с фиксирана дължина – обща информация
- Данни с фиксирана дължина : 190912|| aca||babn | a|a d
150 ## - ТЕМАТИЧНА ПРЕДМЕТНА РУБРИКА
- Редна дума или Топографско име: Гръцки език – речници, гръцко-църковнославянски
942 ## - Системна служебна употреба
- Koha auth type: TOPIC_TERM